Sanat - "Sä et ole hullu" - Janna - Statistics

Yleistilastot
  • Tätä visaa on pelattu 37 kertaa
  • Keskiarvotulos 162 / 212
Vastaustilastot
Vastaus % Oikein
et
100%
hullu
100%
ole
100%
100%
ja
96%
mut
92%
nyt
92%
on
88%
henkiin
84%
hiljaa
84%
jäät
84%
jos
84%
juuri
84%
mennään
84%
vaikeaa
84%
joskus
80%
romahtaa
76%
sitä
76%
anna
68%
kivipohjaan
68%
sinä
68%
että
60%
minun
60%
se
60%
auttaa
56%
sun
56%
lohduttaa
52%
sinua
52%
tulla
52%
vaikka
52%
viereesi
52%
johonkin
48%
kantaa
48%
kertaa
48%
monta
48%
satutettu
48%
väärään
48%
jonka
44%
mahdotonta
44%
päässä
44%
rakastuisit
44%
rakkaus
44%
ettet
40%
ikinä
40%
koskaan
40%
luulet
40%
opi
40%
Särjetty
40%
siitäkään
40%
sydäntä
40%
tärkeintä
40%
toipuu
40%
vielä
40%
viiraa
40%
voittaa
40%
koveta
36%
kuiluun
36%
pohjattoman
36%
sama
36%
syvään
36%
tästä
36%
jonkunhan
32%
kuvittelet
32%
putoat
32%
uskottava
32%
yhtäkkiä
32%
Ehtoja vastaavia visoja ei löytynyt
Tulosjakauma
Jokaisen tuloksen saaneiden osuus
Persentiili vastausten määrän mukaan
Tuloshistoriasi
Et ole pelannut tätä visaa